000 01174cam a2200361 a 4500
001 6188
003 FISKH
005 20250404111141.0
008 860618r19861970nyua j 000 1 eng
010 _a 86016376
020 _a0689711425 (pbk.) :
020 _z0020441606 (pbk.) :
020 _z9780689711428
040 _aDLC
_cDLC
_dDLC
_beng
050 _aPZ8.K864 W
082 _a811.54
100 1 _aKraus, Robert,
_d1925-
245 1 0 _aWhose mouse are you? /
_cby Robert Kraus ; pictures by Jose Aruego.
250 _aFirst Aladdin Paperbacks edition 1986
260 _aNew York :
_bAladdin Books,
_c1970.
300 _a32 unnumbered pages :
_bcolor illustrations ;
_c26 cm
500 _aReprint. Originally published: New York : Collier Books, 1972, c1970.
505 _aaa
520 _aA lonely little mouse has to be resourceful in order to bring his family back together.
521 8 _a10
_bLexile
521 8 _aaa
_bRaz-Plus
650 1 _aMice
_xFiction.
650 1 _aStories in rhyme.
700 1 _aAruego, José,
_eillustrator
906 _a7
_bcbc
_corignew
_d1
_eocip
_f19
_gy-gencatlg
942 _2ddc
_cBK
_n0
999 _c6188
_d6188